| 000 | 00403nam a2200169Ia 4500 | ||
|---|---|---|---|
| 008 | 210210b1938 xxu||||| |||| 00| 0 eng d | ||
| 041 | _aeng | ||
| 082 | _a514/74 | ||
| 100 | _aMILNE (J) | ||
| 245 | _aFirst analytic geometry | ||
| 260 |
_aLondon _bG Bell and Sons Limited _c1938 |
||
| 650 | _ageometry | ||
| 650 | _aFirst | ||
| 650 | _aanalytic | ||
| 690 | _aAnalytical Geometry | ||
| 906 | _a007520 | ||
| 999 |
_c140048 _d140048 |
||